00281nam a2200109 a 4500008004100000020001500041050001800056100002000074245004100094260002700135350000900162120416s1990 ||||||||||||||||| || u a0333473833 aHF 5438.4 Don aDonaldson, Bill10aSales management theory and practice aLondonbMcMillanc1990 a0.00